{"text_format":"3","workbook":"xlsx","n_sheets":1,"sheets":["t146"],"read":"whole","date_system":"1900"}

{"sheet":"t146","index":0,"n_rows":210,"n_cols":7,"rows_kept":210,"merged":[[0,0,0,6],[28,0,28,5],[44,0,44,5],[160,0,160,5]]}
["TABELA 146.1 - Estatísticas Agrícolas, Município de Cravinhos, Estado de São Paulo, 2016/17."]
["ITEM","UNIDADE","N.DE UPAs","MÍNIMO","MÉDIO","MÁXIMO","TOTAL"]
["Distância à sede do município","km",350,{"v":1,"d":"1.0"},{"v":9.38,"d":"9.4"},{"v":24,"d":"24.0"},"-"]
["Área total","hectare",350,{"v":1,"d":"1.0"},{"v":85.66,"d":"85.7"},{"v":2212.71,"d":"2,212.7"},{"v":29981.08,"d":"29,981.1"}]
["Área com cultura perene","hectare",19,0.1,{"v":15.97,"d":"16.0"},84.9,303.4]
["Área com cultura temporária","hectare",314,0.1,{"v":71.19,"d":"71.2"},{"v":1394.7,"d":"1,394.7"},{"v":22354.1,"d":"22,354.1"}]
["Área com pastagem","hectare",139,0.1,{"v":18.47,"d":"18.5"},351.4,{"v":2567.6,"d":"2,567.6"}]
["Área com reflorestamento","hectare",13,0.3,{"v":4.95,"d":"5.0"},{"v":20,"d":"20.0"},64.3]
["Área com vegetação natural","hectare",197,0.1,10.8,{"v":148,"d":"148.0"},{"v":2126.78,"d":"2,126.8"}]
["Área com vegetação de brejo e várzea","hectare",144,0.1,{"v":5.06,"d":"5.1"},{"v":60,"d":"60.0"},{"v":728.97,"d":"729.0"}]
["Área em descanso","hectare",8,0.5,45.1,{"v":301.61,"d":"301.6"},{"v":360.81,"d":"360.8"}]
["Área complementar","hectare",271,{"v":0.02,"d":"0.0"},{"v":5.44,"d":"5.4"},{"v":86,"d":"86.0"},{"v":1475.12,"d":"1,475.1"}]
["Área das UPAs com (0, 1] ha","hectare",1,{"v":1,"d":"1.0"},{"v":1,"d":"1.0"},{"v":1,"d":"1.0"},{"v":1,"d":"1.0"}]
["Área das UPAs com (1, 2] ha","hectare",5,1.3,{"v":1.72,"d":"1.7"},{"v":2,"d":"2.0"},8.6]
["Área das UPAs com (2, 5] ha","hectare",29,2.1,3.3,4.8,95.6]
["Área das UPAs com (5, 10] ha","hectare",37,5.2,{"v":7.36,"d":"7.4"},{"v":10,"d":"10.0"},272.5]
["Área das UPAs com (10, 20] ha","hectare",57,10.7,{"v":14.56,"d":"14.6"},19.8,830.2]
["Área das UPAs com (20, 50] ha","hectare",92,20.5,{"v":32.43,"d":"32.4"},49.8,{"v":2983.5,"d":"2,983.5"}]
["Área das UPAs com (50, 100] ha","hectare",49,50.6,{"v":68.39,"d":"68.4"},96.8,{"v":3351.29,"d":"3,351.3"}]
["Área das UPAs com (100, 200] ha","hectare",37,102.8,{"v":146.16,"d":"146.2"},197.2,{"v":5408,"d":"5,408.0"}]
["Área das UPAs com (200, 500] ha","hectare",35,{"v":201,"d":"201.0"},297.6,495.7,{"v":10416,"d":"10,416.0"}]
["Área das UPAs com (500, 1.000] ha","hectare",7,541.4,{"v":628.81,"d":"628.8"},742.9,{"v":4401.68,"d":"4,401.7"}]
["Área das UPAs com (1.000, 2.000] ha","hectare","-","-","-","-","-"]
["Área das UPAs com (2.000, 5.000] ha","hectare",1,{"v":2212.71,"d":"2,212.7"},{"v":2212.71,"d":"2,212.7"},{"v":2212.71,"d":"2,212.7"},{"v":2212.71,"d":"2,212.7"}]
["Área das UPAs com (5.000, 10.000] ha","hectare","-","-","-","-","-"]
["Área das UPAs acima de 10.000 ha","hectare","-","-","-","-","-"]
["Fonte: Secretaria de Agricultura e Abastecimento, CDRS/IEA, Projeto LUPA."]
[]
["TABELA 146.2 - Explorações Animais, Município de Cravinhos, Estado de São Paulo, 2016/17."]
["ITEM","UNIDADE","N.DE UPAs","MÍNIMO","MÉDIO","MÁXIMO","TOTAL"]
["Asininos e muares","cabecas",4,{"v":1,"d":"1.0"},5.5,{"v":18,"d":"18.0"},{"v":22,"d":"22.0"}]
["Avicultura de corte","cabecas/ano",2,{"v":40,"d":"40.0"},{"v":45,"d":"45.0"},{"v":50,"d":"50.0"},{"v":90,"d":"90.0"}]
["Avicultura ornamental/decorativa/exotica","cabecas",1,{"v":120,"d":"120.0"},{"v":120,"d":"120.0"},{"v":120,"d":"120.0"},{"v":120,"d":"120.0"}]
["Avicultura para ovos","cabecas",3,{"v":30,"d":"30.0"},{"v":11023.33,"d":"11,023.3"},{"v":33000,"d":"33,000.0"},{"v":33070,"d":"33,070.0"}]
["Bovinocultura de corte","cabecas",62,{"v":2,"d":"2.0"},{"v":69.31,"d":"69.3"},{"v":830,"d":"830.0"},{"v":4297,"d":"4,297.0"}]
["Bovinocultura leiteira","cabecas",39,{"v":1,"d":"1.0"},{"v":47.26,"d":"47.3"},{"v":640,"d":"640.0"},{"v":1843,"d":"1,843.0"}]
["Bovinocultura mista","cabecas",17,{"v":3,"d":"3.0"},{"v":17.65,"d":"17.7"},{"v":82,"d":"82.0"},{"v":300,"d":"300.0"}]
["Caprinocultura","cabecas",2,{"v":4,"d":"4.0"},{"v":7,"d":"7.0"},{"v":10,"d":"10.0"},{"v":14,"d":"14.0"}]
["Equinocultura","cabecas",70,{"v":1,"d":"1.0"},{"v":6.46,"d":"6.5"},{"v":53,"d":"53.0"},{"v":452,"d":"452.0"}]
["Ovinocultura","cabecas",12,{"v":10,"d":"10.0"},{"v":39.33,"d":"39.3"},{"v":103,"d":"103.0"},{"v":472,"d":"472.0"}]
["Piscicultura","m2 tanques",4,{"v":3500,"d":"3,500.0"},{"v":10750,"d":"10,750.0"},{"v":20000,"d":"20,000.0"},{"v":43000,"d":"43,000.0"}]
["Suinocultura","cabecas",13,{"v":3,"d":"3.0"},{"v":15.31,"d":"15.3"},{"v":50,"d":"50.0"},{"v":199,"d":"199.0"}]
["Fonte: Secretaria de Agricultura e Abastecimento, CDRS/IEA, Projeto LUPA."]
[]
["TABELA 146.3 -  Máquinas, Implementos e Benfeitorias, Município de Cravinhos, Estado de São Paulo, 2016/17."]
["ITEM","UNIDADE","N.DE UPAs","MÍNIMO","MÉDIO","MÁXIMO","TOTAL"]
["Arado comum (bacia, aiveca)","unidade",66,{"v":1,"d":"1.0"},{"v":1.48,"d":"1.5"},{"v":4,"d":"4.0"},{"v":98,"d":"98.0"}]
["Arado escarificador","unidade",4,{"v":1,"d":"1.0"},{"v":1,"d":"1.0"},{"v":1,"d":"1.0"},{"v":4,"d":"4.0"}]
["Arado subsolador","unidade",31,{"v":1,"d":"1.0"},{"v":1.55,"d":"1.6"},{"v":10,"d":"10.0"},{"v":48,"d":"48.0"}]
["Batedeira de cereais","unidade",1,{"v":2,"d":"2.0"},{"v":2,"d":"2.0"},{"v":2,"d":"2.0"},{"v":2,"d":"2.0"}]
["Carregadeira de cana","unidade",12,{"v":1,"d":"1.0"},{"v":1.33,"d":"1.3"},{"v":2,"d":"2.0"},{"v":16,"d":"16.0"}]
["Carreta de trator","unidade",25,{"v":1,"d":"1.0"},{"v":1.84,"d":"1.8"},{"v":4,"d":"4.0"},{"v":46,"d":"46.0"}]
["Colhedeira acoplada","unidade",4,{"v":1,"d":"1.0"},{"v":1,"d":"1.0"},{"v":1,"d":"1.0"},{"v":4,"d":"4.0"}]
["Colhedeira automotriz","unidade",7,{"v":1,"d":"1.0"},{"v":1,"d":"1.0"},{"v":1,"d":"1.0"},{"v":7,"d":"7.0"}]
["Computador","unidade",8,{"v":1,"d":"1.0"},{"v":2.38,"d":"2.4"},{"v":10,"d":"10.0"},{"v":19,"d":"19.0"}]
["Conj.irrigacao autopropelido","unidade",5,{"v":1,"d":"1.0"},1.2,{"v":2,"d":"2.0"},{"v":6,"d":"6.0"}]
["Conj.irrigacao convencional","unidade",19,{"v":1,"d":"1.0"},{"v":1.05,"d":"1.1"},{"v":2,"d":"2.0"},{"v":20,"d":"20.0"}]
["Conj.irrigacao pivot central","unidade",3,{"v":1,"d":"1.0"},{"v":2,"d":"2.0"},{"v":4,"d":"4.0"},{"v":6,"d":"6.0"}]
["Conj.irrigacao/gotejamento/microaspersao","unidade",9,{"v":1,"d":"1.0"},{"v":1.11,"d":"1.1"},{"v":2,"d":"2.0"},{"v":10,"d":"10.0"}]
["Conjunto de fenacao","unidade",7,{"v":1,"d":"1.0"},{"v":1.14,"d":"1.1"},{"v":2,"d":"2.0"},{"v":8,"d":"8.0"}]
["Desintegrador, picador, triturador","unidade",73,{"v":1,"d":"1.0"},{"v":1.15,"d":"1.2"},{"v":3,"d":"3.0"},{"v":84,"d":"84.0"}]
["Distribuidor de calcario","unidade",29,{"v":1,"d":"1.0"},{"v":1.17,"d":"1.2"},{"v":2,"d":"2.0"},{"v":34,"d":"34.0"}]
["Ensiladeira","unidade",20,{"v":1,"d":"1.0"},1.2,{"v":4,"d":"4.0"},{"v":24,"d":"24.0"}]
["Grade aradora (tipo romi)","unidade",43,{"v":1,"d":"1.0"},{"v":1.51,"d":"1.5"},{"v":7,"d":"7.0"},{"v":65,"d":"65.0"}]
["Grade niveladora","unidade",52,{"v":1,"d":"1.0"},{"v":1.15,"d":"1.2"},{"v":3,"d":"3.0"},{"v":60,"d":"60.0"}]
["Implementos para tracao animal","unidade",3,{"v":1,"d":"1.0"},{"v":1.33,"d":"1.3"},{"v":2,"d":"2.0"},{"v":4,"d":"4.0"}]
["Misturador de racao","unidade",11,{"v":1,"d":"1.0"},{"v":1.27,"d":"1.3"},{"v":3,"d":"3.0"},{"v":14,"d":"14.0"}]
["Mmicrotrator","unidade",5,{"v":1,"d":"1.0"},{"v":1,"d":"1.0"},{"v":1,"d":"1.0"},{"v":5,"d":"5.0"}]
["Ordenhadeira mecanica","unidade",7,{"v":1,"d":"1.0"},{"v":1,"d":"1.0"},{"v":1,"d":"1.0"},{"v":7,"d":"7.0"}]
["Pulverizador tratorizado","unidade",55,{"v":1,"d":"1.0"},1.6,{"v":6,"d":"6.0"},{"v":88,"d":"88.0"}]
["Resfriador de leite, tanque expansao","unidade",11,{"v":1,"d":"1.0"},{"v":1.09,"d":"1.1"},{"v":2,"d":"2.0"},{"v":12,"d":"12.0"}]
["Roçadeira costal","unidade",1,{"v":1,"d":"1.0"},{"v":1,"d":"1.0"},{"v":1,"d":"1.0"},{"v":1,"d":"1.0"}]
["Roçadeira tratorizada","unidade",1,{"v":2,"d":"2.0"},{"v":2,"d":"2.0"},{"v":2,"d":"2.0"},{"v":2,"d":"2.0"}]
["Roçadora","unidade",22,{"v":1,"d":"1.0"},{"v":1.27,"d":"1.3"},{"v":4,"d":"4.0"},{"v":28,"d":"28.0"}]
["Semeadeira/adubadeira para plantio convencional","unidade",23,{"v":1,"d":"1.0"},{"v":1.22,"d":"1.2"},{"v":5,"d":"5.0"},{"v":28,"d":"28.0"}]
["Semeadeira/plantadeira plantio direto","unidade",6,{"v":1,"d":"1.0"},{"v":1.17,"d":"1.2"},{"v":2,"d":"2.0"},{"v":7,"d":"7.0"}]
["Trator de esteiras","unidade",4,{"v":1,"d":"1.0"},1.5,{"v":3,"d":"3.0"},{"v":6,"d":"6.0"}]
["Trator de pneus  acima de 85 cv","unidade",23,{"v":1,"d":"1.0"},{"v":2.57,"d":"2.6"},{"v":6,"d":"6.0"},{"v":59,"d":"59.0"}]
["Trator de pneus até 65 cv","unidade",23,{"v":1,"d":"1.0"},{"v":1.09,"d":"1.1"},{"v":2,"d":"2.0"},{"v":25,"d":"25.0"}]
["Trator de pneus de 66 cv a 85 cv","unidade",12,{"v":1,"d":"1.0"},{"v":1.42,"d":"1.4"},{"v":3,"d":"3.0"},{"v":17,"d":"17.0"}]
["Acude/represa","unidade",100,{"v":1,"d":"1.0"},{"v":1.81,"d":"1.8"},{"v":15,"d":"15.0"},{"v":181,"d":"181.0"}]
["Adega cantina","unidade",1,{"v":1,"d":"1.0"},{"v":1,"d":"1.0"},{"v":1,"d":"1.0"},{"v":1,"d":"1.0"}]
["Alambique","unidade",1,{"v":1,"d":"1.0"},{"v":1,"d":"1.0"},{"v":1,"d":"1.0"},{"v":1,"d":"1.0"}]
["Almoxarifado/oficina","unidade",54,{"v":1,"d":"1.0"},{"v":1.17,"d":"1.2"},{"v":3,"d":"3.0"},{"v":63,"d":"63.0"}]
["Armazem para graos ensacados","sacas",36]
["Balanca para bovinos","unidade",19,{"v":1,"d":"1.0"},{"v":1.05,"d":"1.1"},{"v":2,"d":"2.0"},{"v":20,"d":"20.0"}]
["Balanca para veiculos","unidade",1,{"v":1,"d":"1.0"},{"v":1,"d":"1.0"},{"v":1,"d":"1.0"},{"v":1,"d":"1.0"}]
["Barracao para granja/avicultura","unidade",4,{"v":1,"d":"1.0"},{"v":1.75,"d":"1.8"},{"v":4,"d":"4.0"},{"v":7,"d":"7.0"}]
["Barracao/galpao/garagem","unidade",89,{"v":1,"d":"1.0"},{"v":1.18,"d":"1.2"},{"v":4,"d":"4.0"},{"v":105,"d":"105.0"}]
["Casa de moradia habitada","unidade",146,{"v":1,"d":"1.0"},{"v":2.22,"d":"2.2"},{"v":20,"d":"20.0"},{"v":324,"d":"324.0"}]
["Casa de moradia total","unidade",164,{"v":1,"d":"1.0"},{"v":3.12,"d":"3.1"},{"v":22,"d":"22.0"},{"v":511,"d":"511.0"}]
["Curral/mangueira","unidade",89,{"v":1,"d":"1.0"},{"v":1.02,"d":"1.0"},{"v":2,"d":"2.0"},{"v":91,"d":"91.0"}]
["Deposito/tulha","unidade",46,{"v":1,"d":"1.0"},{"v":1.54,"d":"1.5"},{"v":6,"d":"6.0"},{"v":71,"d":"71.0"}]
["Estabulo","unidade",51,{"v":1,"d":"1.0"},{"v":1.06,"d":"1.1"},{"v":2,"d":"2.0"},{"v":54,"d":"54.0"}]
["Estacao/posto meteorologico","unidade",1,{"v":1,"d":"1.0"},{"v":1,"d":"1.0"},{"v":1,"d":"1.0"},{"v":1,"d":"1.0"}]
["Estufa/plasticultura","m2",5]
["Fabrica de racao","unidade",10,{"v":1,"d":"1.0"},{"v":1,"d":"1.0"},{"v":1,"d":"1.0"},{"v":10,"d":"10.0"}]
["Instalacoes para equinos","unidade",24,{"v":1,"d":"1.0"},{"v":3.67,"d":"3.7"},{"v":12,"d":"12.0"},{"v":88,"d":"88.0"}]
["Maquina de beneficio","unidade",16,{"v":1,"d":"1.0"},{"v":1.13,"d":"1.1"},{"v":2,"d":"2.0"},{"v":18,"d":"18.0"}]
["Packing house","unidade",2,{"v":1,"d":"1.0"},{"v":1,"d":"1.0"},{"v":1,"d":"1.0"},{"v":2,"d":"2.0"}]
["Pocilga","unidade",21,{"v":1,"d":"1.0"},{"v":2.76,"d":"2.8"},{"v":20,"d":"20.0"},{"v":58,"d":"58.0"}]
["Poco semi-artesiano","unidade",49,{"v":1,"d":"1.0"},{"v":1.08,"d":"1.1"},{"v":4,"d":"4.0"},{"v":53,"d":"53.0"}]
["Secador de graos","unidade",10,{"v":1,"d":"1.0"},1.4,{"v":2,"d":"2.0"},{"v":14,"d":"14.0"}]
["Silo para graos","ton",3]
["Silo para silagem","ton",11]
["Terreiro","m2",33]
["Fonte: Secretaria de Agricultura e Abastecimento, CDRS/IEA, Projeto LUPA."]
[]
["TABELA 146.4 - Outras Estatísticas Agrícolas, Município de Cravinhos, Estado de São Paulo, 2016/17."]
["ITEM","Número de UPAs",null,"Percentual"]
["Faz Parte de Associação de Produtores",59,null,{"v":16.857142857142858,"d":"16.9"}]
["Faz Parte de Cooperativa de Produtores",213,null,{"v":60.857142857142854,"d":"60.9"}]
["Faz Parte do Sindicato de Produtores",94,null,{"v":26.857142857142858,"d":"26.9"}]
["Não utiliza assistência técnica ",17,null,{"v":4.857142857142857,"d":"4.9"}]
["Utiliza somente assistência técnica governamental ",10,null,{"v":2.857142857142857,"d":"2.9"}]
["Utiliza somente assistência técnica privada ",131,null,{"v":37.42857142857143,"d":"37.4"}]
["Utiliza assistência técnica tanto governamental quanto privada",192,null,{"v":54.857142857142854,"d":"54.9"}]
["Utiliza Crédito Rural",180,null,{"v":51.42857142857143,"d":"51.4"}]
["Utiliza Seguro Rural",40,null,{"v":11.428571428571429,"d":"11.4"}]
["Utiliza Escrituração Agrícola",324,null,{"v":92.57142857142857,"d":"92.6"}]
["Acessa Internet p/ Fins na Agropecuária",182,null,{"v":52,"d":"52.0"}]
["Utiliza Computador nas Atividades Agropecuárias",180,null,{"v":51.42857142857143,"d":"51.4"}]
["Utiliza Energia Elétrica Para Uso na Atividade Agrícola",184,null,{"v":52.57142857142857,"d":"52.6"}]
["Utiliza Energia Alternativa",2,null,{"v":0.5714285714285715,"d":"0.6"}]
["Realiza Análise de Solo, quando necessário",310,null,{"v":88.57142857142857,"d":"88.6"}]
["Realiza Calagem",303,null,{"v":86.57142857142857,"d":"86.6"}]
["Utiliza Práticas de Conservação de Solo, quando necessário",309,null,{"v":88.28571428571428,"d":"88.3"}]
["Faz Adubação Mineral, quando necessário",324,null,{"v":92.57142857142857,"d":"92.6"}]
["Faz Adubação Orgânica, quando necessário",120,null,{"v":34.285714285714285,"d":"34.3"}]
["Faz Adubação Verde, quando necessário",49,null,{"v":14,"d":"14.0"}]
["Utiliza Manejo Integrado de Pragas (MIP)",19,null,{"v":5.428571428571429,"d":"5.4"}]
["Utiliza Hidroponia","-",null,"-"]
["Utiliza Cultivo em Estufa",1,null,{"v":0.28571428571428575,"d":"0.3"}]
["Utiliza Mudas Fiscalizadas",295,null,{"v":84.28571428571428,"d":"84.3"}]
["Utiliza Semente Melhorada",163,null,{"v":46.57142857142857,"d":"46.6"}]
["Faz Confinamento de Bovinos",8,null,{"v":2.285714285714286,"d":"2.3"}]
["Utiliza Pastejo Intensivo",17,null,{"v":4.857142857142857,"d":"4.9"}]
["Faz Inseminação Artificial",11,null,{"v":3.142857142857143,"d":"3.1"}]
["Faz Mineralização do Rebanho",101,null,{"v":28.857142857142854,"d":"28.9"}]
["Faz Vermifugação do Rebanho",101,null,{"v":28.857142857142854,"d":"28.9"}]
["Possui Parceiros /Arrendatários na Exploração Animal",162,null,{"v":46.285714285714285,"d":"46.3"}]
["Existência de trabalhadores c/ deficiência na UPA",1,null,{"v":0.28571428571428575,"d":"0.3"}]
["Esporte e lazer",1,null,{"v":0.28571428571428575,"d":"0.3"}]
["Extração mineral","-",null,"-"]
["Hotel Fazenda, Pousada ou SPA","-",null,"-"]
["Pesque-pague",1,null,{"v":0.28571428571428575,"d":"0.3"}]
["Restaurante ou Lanchonete","-",null,"-"]
["Transformação artesanal","-",null,"-"]
["Turismo rural ou ecoturismo","-",null,"-"]
["Outras atividades econômicas rurais",3,null,{"v":0.8571428571428572,"d":"0.9"}]
["Agroindústria",2,null,{"v":0.5714285714285715,"d":"0.6"}]
["Proprietário sem instrução ou com instrução incompleta",7,null,{"v":2,"d":"2.0"}]
["Proprietário com antigo primário completo",59,null,{"v":16.857142857142858,"d":"16.9"}]
["Proprietário com 1° grau (ou antigo ginasial) completo",35,null,{"v":10,"d":"10.0"}]
["Proprietário com 2° grau (ou antigo colegial) completo",83,null,{"v":23.714285714285715,"d":"23.7"}]
["Proprietário com curso superior completo ",141,null,{"v":40.28571428571429,"d":"40.3"}]
["Pessoa Jurídica",25,null,{"v":7.142857142857143,"d":"7.1"}]
["Proprietário residente na própria UPA ",24,null,{"v":6.857142857142858,"d":"6.9"}]
["Fonte: Secretaria de Agricultura e Abastecimento, CDRS/IEA, Projeto LUPA."]
[]
["TABELA 146.5 - Área Cultivada, Município de Cravinhos, Estado de São Paulo, 2016/17."]
["CULTURA","N.DE UPAs","MÍNIMO","MÉDIO","MÁXIMO","TOTAL"]
["Cana-de-acucar finalidade industria",283,0.2,{"v":76.28,"d":"76.3"},{"v":1384.5,"d":"1,384.5"},{"v":21587.9,"d":"21,587.9"}]
["Braquiaria",103,0.1,{"v":16.96,"d":"17.0"},351.4,{"v":1746.8,"d":"1,746.8"}]
["Milho safra",26,{"v":1,"d":"1.0"},{"v":14.95,"d":"15.0"},{"v":110,"d":"110.0"},388.7]
["Gramas",39,0.5,{"v":8.85,"d":"8.9"},{"v":70,"d":"70.0"},{"v":345,"d":"345.0"}]
["Coloniao",21,0.7,{"v":12.75,"d":"12.8"},{"v":40,"d":"40.0"},267.7]
["Soja",7,4.8,{"v":34.44,"d":"34.4"},81.4,241.1]
["Cafe",11,0.1,{"v":16.33,"d":"16.3"},61.8,179.6]
["Capim-jaragua",9,2.4,{"v":11.01,"d":"11.0"},29.1,99.1]
["Tomate rasteiro",3,{"v":1,"d":"1.0"},32.2,{"v":90,"d":"90.0"},96.6]
["Laranja Industria",1,84.9,84.9,84.9,84.9]
["Eucalipto",13,0.3,{"v":4.95,"d":"5.0"},{"v":20,"d":"20.0"},64.3]
["Setaria",1,60.4,60.4,60.4,60.4]
["Milho-silagem",2,{"v":24,"d":"24.0"},{"v":26,"d":"26.0"},{"v":28,"d":"28.0"},{"v":52,"d":"52.0"}]
["Chuchu",10,{"v":2,"d":"2.0"},{"v":4.93,"d":"4.9"},10.6,49.3]
["Capim-napier (ou capim-elefante)",7,{"v":1,"d":"1.0"},{"v":4.77,"d":"4.8"},10.8,33.4]
["Cana-de-acucar outras finalidades",4,2.5,{"v":7.23,"d":"7.2"},19.4,28.9]
["Abobora (ou jerimum)",8,0.3,{"v":3.54,"d":"3.5"},{"v":12,"d":"12.0"},28.3]
["Manga",1,{"v":25,"d":"25.0"},{"v":25,"d":"25.0"},{"v":25,"d":"25.0"},{"v":25,"d":"25.0"}]
["Tomate envarado",10,0.4,{"v":2.23,"d":"2.2"},{"v":5,"d":"5.0"},22.3]
["Milho 2 safra",1,12.1,12.1,12.1,12.1]
["Amendoim",1,{"v":11,"d":"11.0"},{"v":11,"d":"11.0"},{"v":11,"d":"11.0"},{"v":11,"d":"11.0"}]
["Capim-gordura",1,10.8,10.8,10.8,10.8]
["Pimentao",7,0.2,{"v":0.96,"d":"1.0"},{"v":3,"d":"3.0"},6.7]
["Limao",1,{"v":6,"d":"6.0"},{"v":6,"d":"6.0"},{"v":6,"d":"6.0"},{"v":6,"d":"6.0"}]
["Jilo",12,0.2,{"v":0.48,"d":"0.5"},1.5,5.8]
["Outras olericolas",5,0.1,{"v":1,"d":"1.0"},2.6,{"v":5,"d":"5.0"}]
["Outras gramineas para pastagem",2,1.8,2.2,2.6,4.4]
["Alface",5,0.1,{"v":0.78,"d":"0.8"},{"v":2,"d":"2.0"},3.9]
["Laranja Mercado",1,{"v":3,"d":"3.0"},{"v":3,"d":"3.0"},{"v":3,"d":"3.0"},{"v":3,"d":"3.0"}]
["Berinjela",6,0.2,{"v":0.42,"d":"0.4"},0.7,2.5]
["Milho-doce(verde)",2,0.8,1.1,1.4,2.2]
["Seringueira",1,{"v":2,"d":"2.0"},{"v":2,"d":"2.0"},{"v":2,"d":"2.0"},{"v":2,"d":"2.0"}]
["Banana",2,0.1,0.8,1.5,1.6]
["Mandioca",3,0.2,0.4,0.5,1.2]
["Chicoria (ou chicoria-de-folha-crespa)",2,0.1,{"v":0.55,"d":"0.6"},{"v":1,"d":"1.0"},1.1]
["Goiaba",1,{"v":1,"d":"1.0"},{"v":1,"d":"1.0"},{"v":1,"d":"1.0"},{"v":1,"d":"1.0"}]
["Maracuja",1,{"v":1,"d":"1.0"},{"v":1,"d":"1.0"},{"v":1,"d":"1.0"},{"v":1,"d":"1.0"}]
["Viveiro de flores e ornamentais",1,{"v":1,"d":"1.0"},{"v":1,"d":"1.0"},{"v":1,"d":"1.0"},{"v":1,"d":"1.0"}]
["Pepino",2,0.3,0.4,0.5,0.8]
["Couve-flor",2,0.3,0.3,0.3,0.6]
["Feijao-vagem (ou vagem, ou feijao-verde)",1,0.5,0.5,0.5,0.5]
["Brocolos (ou brocolis)",2,0.1,0.2,0.3,0.4]
["Figo (ou figo-da-europa)",1,0.3,0.3,0.3,0.3]
["Repolho",1,0.3,0.3,0.3,0.3]
["Cebolinha",2,0.1,0.1,0.1,0.2]
["Couve (ou couve-crespa)",1,0.1,0.1,0.1,0.1]
["Quiabo",1,0.1,0.1,0.1,0.1]
["Fonte: Secretaria de Agricultura e Abastecimento, CDRS/IEA, Projeto LUPA."]